Betweenness centrality in graphs
Na minha lista:
| Autor principal: | |
|---|---|
| Outros Autores: | , |
| Formato: | Capítulo de Livro |
| Idioma: | inglês |
| Assuntos: | |
| Tags: |
Sem tags, seja o primeiro a adicionar uma tag!
|
MARC
| LEADER | 00000naa$a2200000$$$4500 | ||
|---|---|---|---|
| 001 | 0209180 | ||
| 005 | 20250707075529.0 | ||
| 041 | 0 | |a eng | |
| 044 | |a US | ||
| 245 | 1 | 0 | |a Betweenness centrality in graphs |c Silvia Gago, Jana Coroničová Hurajová, Tomáš Madaras |
| 610 | 2 | 0 | |a grafy |
| 610 | 2 | 0 | |a grafy sieťové |
| 100 | 1 | |a Gago, Silvia | |
| 700 | 1 | |a Coroničová Hurajová, Jana, 1986- | |
| 700 | 1 | |a Madaras, Tomáš | |